Corporate governance in India : (Record no. 14241)

MARC details
000 -LEADER
fixed length control field 01072cam a22002538a 4500
005 - DATE AND TIME OF LATEST TRANSACTION
control field 20041027072032.0
008 - FIXED-LENGTH DATA ELEMENTS--GENERAL INFORMATION
fixed length control field 031105s2004 nyua 001 0 eng
010 ## - LCCN (DPL NO)
LC control number ENG-90463
020 ## - INTERNATIONAL STANDARD BOOK NUMBER
International Standard Book Number 9788120335363
Terms of availability 225.00
035 ## - SYSTEM CONTROL NUMBER
System control number EN-73996
037 ## - SOURCE OF ACQUISITION
Source of stock number/acquisition DBAD / PUB
040 ## - CATALOGING SOURCE
Original cataloging agency DPL
Language of cataloging EN
082 ## - DEWEY DECIMAL CLASSIFICATION NUMBER
Classification number 338.60954
100 ## - MAIN ENTRY--PERSONAL NAME
Personal name Das, Subhas Chandra
9 (RLIN) 50733
245 ## - TITLE STATEMENT
Title Corporate governance in India :
Remainder of title an evaluation /
Statement of responsibility, etc by Subhash Chandra Das
260 ## - PUBLICATION, DISTRIBUTION, ETC. (IMPRINT)
Place of publication, distribution, etc New Delhi
Name of publisher, distributor, etc Prentice-Hall of India
Date of publication, distribution, etc 2008.
300 ## - PHYSICAL DESCRIPTION
Extent xvii, 242p.
Dimensions 23 cm.
500 ## - GENERAL NOTE
General note Includes appendix, bibliographical references and index.
710 ## - ADDED ENTRY--CORPORATE NAME
Corporate name or jurisdiction name as entry element Project Management Institute.
9 (RLIN) 50734
856 ## - ELECTRONIC LOCATION AND ACCESS
Uniform Resource Identifier <a href="http://www.loc.gov/catdir/toc/ecip0410/2003023995.html">http://www.loc.gov/catdir/toc/ecip0410/2003023995.html</a>
942 ## - ADDED ENTRY ELEMENTS (KOHA)
Source of classification or shelving scheme Dewey Decimal Classification
Item type English Books
Classification part 338.60954
Call number suffix DAS
Holdings
Withdrawn status Lost status Damaged status Not for loan Collection code Home library Current library Date acquired Source of acquisition Cost, normal purchase price Total Checkouts Full call number Barcode Date last seen Copy number Cost, replacement price Koha item type
      Not For Loan Non-fiction D.B.Act.Division D.B.Act.Division 07/07/2008 DBAD / PUB 225.00   338.60954 DAS EN-73996 15/09/2008 1 225.00 English Books

© Delhi Public Library
Hit Counter
free hit counter